Gum naval stores : an industrial profile of turpentine and rosin production from pine resin

Bibliographic Details
Main Author: COPPEN
Other Authors: Greenhalgh, Smith
Format: Book
Published: London : Tropical Development and Research Institute , 1984
Subjects:

MARC

LEADER 00000cam a2200000 7i4500
001 0000002404
005 20030606.0
020 0 0 |a 0859541878 
090 0 0 |a 634.98   |b COP 1984 
100 1 0 |a COPPEN   |h J. J. W. 
245 1 0 |a Gum naval stores : an industrial profile of turpentine and rosin production from pine resin   |c J. J. W. Coppen, P. Greenhalgh and A. E. Smith 
260 0 0 |a London :   |b Tropical Development and Research Institute ,   |c 1984 
300 |a v, 34 p. :   |b ill. ;   |c 30 cm. 
500 0 0 |a Includes bibliographical references : p. 36 
650 0 0 |a Forest products industry 
650 0 0 |a Gums and resins industry 
650 0 0 |a Naval stores 
650 0 0 |a Pine gum 
650 0 0 |a Turpentine industry and trade 
700 0 1 |a Greenhalgh   |h P. 
700 0 1 |a Smith   |h A. E. 
998 |a JPSM 
999 |a 0000003169   |b Monograph   |c Open Shelf   |e Default branch